000 00738nam a22002297a 4500
999 _c6023
_d6023
003 AR-CdUCM
008 190313b ||||| |||| 00| 0 spa d
040 _aMUNICIPALIDAD PROVINCIAL DEL CUSCO
_cBIBLIOTECA MUNICIPAL DEL CUSCO
082 _a869.56 /
_bN56
100 _aNieto, Luis
_911864
245 _aCharango :
_bRomance cholo /
260 _aCusco :
_bH. G. Rozas, Sucs,
_c1943.
300 _a160 páginas ;
_c17 cm.
440 _aBiblioteca del Instituto Americano de Arte
_n1
_917597
500 _aDonación de la familia Nieto
650 _aPoesía peruana
_9806
650 _aRomances peruanos
_913519
650 _aSiglo XX
_98
700 _aGutiérrez, Julio G. (Ilustrador)
_917598
942 _2ddc
_cLIBROS
945 _araen